| 000 | 00335nam a2200145 i 4500 | ||
|---|---|---|---|
| 001 | bg | ||
| 100 | 1 | _aLUFT, M. | |
| 245 | 0 |
_aLaboratorium automatyki / _cM. Luft, Z. Łukasik. Nr 5. |
|
| 260 |
_aRadom, _c1989. |
||
| 700 | 1 | _aŁUKASIK, Z. | |
| 040 | _cBPK | ||
| 041 | _apol | ||
| 942 | _cKS | ||
| 008 | s pl f |000 0 pol | ||
| 999 |
_c4420 _d4420 |
||
| 856 |
_uhttp://koha.tu.koszalin.pl/cgi-bin/koha/opac-detail.pl?biblionumber=4420 _yKatalog online BPK |
||